Programación avanzada en Unix / José M. Canosa (Registro nro. 14297)
[ vista simple ]
| 000 -LÍDER | |
|---|---|
| fixed length control field | 00504nam a2200157 4500 |
| 008 - ELEMENTOS DE LONGITUD FIJA -- INFORMACIÓN GENERAL | |
| fixed length control field | 0 2000 0a 000 0ESP |
| 020 ## - NÚMERO INTERNACIONAL NORMALIZADO PARA LIBROS | |
| ISBN | 84-4812-2883-4 |
| 050 ## - SIGNATURA TOPOGRAFICA DE LA BIBLIOTECA DEL CONGRESO (LC) | |
| Número de Clasificación | QA76.76.063 C36 2000 |
| 082 ## - NUMERO DE CLASIFICACION DECIMAL DEWEY | |
| Número de Clasificación | 005.4 469 C227 |
| 100 ## - ASIENTO PRINCIPAL--NOMBRE PERSONAL | |
| Nombre personal | Canosa, José M. |
| 245 ## - TÍTULO | |
| Título | Programación avanzada en Unix / José M. Canosa |
| 260 ## - PUBLICACIÓN, DISTRIBUCIÓN, ETC. (PIE DE IMPRENTA) | |
| Lugar de publicación, distribución, etc. | México : Mc Graw Hill |
| 300 ## - DESCRIPCIÓN FÍSICA | |
| Extensión | 483 p. / 23cm. |
| 500 ## - NOTA GENERAL | |
| Nota general | Incluye ap‚ndice e índice. |
| 650 ## - ASIENTO SECUNDARIO DE MATERIA - TERMINO TEMÁTICO | |
| Término temático o nombre geográfico como elemento de entrada | 1.UNIX (SISTEMA OPERATIVO PARA COMPUTADORAS)--pROGRAMACIÓN. |
| No. biblioteca | No. biblioteca | Número de clasificación | Código de barras/Número de adquisición | Número de copia | Tipo de material |
|---|---|---|---|---|---|
| LUIS G. INCLAN | LUIS G. INCLAN | 005.4 469 C227 | 39412 | 1 | Libros |
| LUIS G. INCLAN | LUIS G. INCLAN | 005.4 469 C227 | 39413 | 2 | Libros |
